000 00728caa a22001817a 4500
999 _c442974
_d442974
003 UA-OsUOA
005 20191126151259.0
008 191126b un ||||| |||| 00| 0 ukr d
040 _aUA-OsUOA
_bukr
_cUA-OsUOA
_dUA-OsUOA
041 _aukr
080 _a908
090 _a908
100 _aМанько М.
245 _aПідтверджений факт вивозу музейних цінностей з Острога за межі України на початку 1950-х років
_cМ. Манько
300 _aС. 134–137
773 0 _0417659
_9425167
_dОстрог Свинарчук Р. В. 2018
_o161111
_tОстрозький краєзнавчий збірник
_w(UA-OsUOA) 135876
942 _2udc
_cBKA